| 000 | 00582nam a2200193Ia 4500 | ||
|---|---|---|---|
| 005 | 20250508160413.0 | ||
| 008 | 008 250505s9999 xx 000 0 eng d | ||
| 037 | _aTextual | ||
| 040 |
_aFEDL _beng _cFEDL |
||
| 041 |
_aeng _2eng |
||
| 084 |
_a301.15, MAL _qFEDL |
||
| 100 |
_aMalhotra Sudha _9233068 |
||
| 245 | 0 | _aInterpersonal relationship psychological, sociological and educational study | |
| 260 |
_aAllahabad, India _bUnited Publishers _c1969 |
||
| 300 | _axiii,195p. | ||
| 650 | _aSociology | ||
| 942 |
_cTEXL _h301.15, MAL |
||
| 999 |
_c1364394 _d1364394 |
||